“Go hard, go early”: Preliminary lessons from New Zealand’s response to Covid-19 (Record no. 517715)

000 -LEADER
fixed length control field 01413nam a22001577a 4500
008 - FIXED-LENGTH DATA ELEMENTS--GENERAL INFORMATION
fixed length control field 210727b ||||| |||| 00| 0 eng d
100 ## - MAIN ENTRY--PERSONAL NAME
Personal name Jamieson, Thomas
245 ## - TITLE STATEMENT
Title “Go hard, go early”: Preliminary lessons from New Zealand’s response to Covid-19
260 ## - PUBLICATION, DISTRIBUTION, ETC. (IMPRINT)
Place of publication, distribution, etc American Review of Public Administration
300 ## - PHYSICAL DESCRIPTION
Extent 50(6-7), Aug-Oct, 2020: p.598-605
520 ## - SUMMARY, ETC.
Summary, etc Although the full impact of the novel coronavirus (COVID-19) pandemic is yet to be realized, New Zealand has suffered comparatively less than other countries, and there were no active cases in the country by June 8, 2020. Building from best practices in emergency management research, several preliminary lessons emerge from the country’s response to the crisis that could be adapted for other settings. In particular, the government acted early and decisively, developed national unity to combat the virus, communicated effectively with the public, and adapted to changing circumstances, especially to address shortcomings in the response. These preliminary lessons provide some guidance in how to effectively respond to the virus through proactive, evidence-based, well-communicated policies. – Reproduced
650 ## - SUBJECT ADDED ENTRY--TOPICAL TERM
Topical term or geographic name as entry element COVID-19, Emergency management, Public health, Leadership, Communication
9 (RLIN) 25736
773 ## - HOST ITEM ENTRY
Main entry heading American Review of Public Administration
906 ## - LOCAL DATA ELEMENT F, LDF (RLIN)
Subject DIP COVID 19 PANDEMIC - NEW ZEALAND
942 ## - ADDED ENTRY ELEMENTS (KOHA)
Item type Articles
Holdings
Withdrawn status Lost status Source of classification or shelving scheme Damaged status Not for loan Permanent location Current location Date acquired Cost, normal purchase price Barcode Date last seen Koha item type
          Indian Institute of Public Administration Indian Institute of Public Administration 2021-07-27 50.00 AR124976 2021-07-27 Articles

Powered by Koha